Príprava konzervácie zrúcanín : komplexná monografia k realizácii stavebných obhliadok

Salvato in:
Dettagli Bibliografici
Autori principali: Makýš, Oto, 1962- (Autore), Hrčka, Michal (Autore), Kohút, Vladimír (Autore), Staník, Ivan (Autore), Závacký, Jozef (Autore)
Altri autori: Gregorová, Jana (Revisore), Glos, Peter (Revisore), Šimkovic, Michal (Revisore)
Natura: Libro
Lingua:slovacco
Pubblicazione: Pezinok : Renesans, 2015
Edizione:1. vyd.
Soggetti:
Tags: Aggiungi Tag
Nessun Tag, puoi essere il primo ad aggiungerne!!

MARC

LEADER 00000nam a22000003a 4500
001 0011530
003 SK-STU
005 20230802112149.9
007 ta
008 160118s -------||||||||||-|||-||----d
020 |a 978-80-89402-80-9 
041 0 |a slo 
044 |a xo 
100 1 |4 aut  |9 96  |a Makýš, Oto,  |d 1962-  |u V270  |r Z1  |U SvF Stavebná fakulta  |T SvF Katedra technológie stavieb  |X 832  |U V270  |Y 28  |7 A000000832 
242 0 0 |a Preparation of the Conservation of Ruins :  |b Complex Monograph for Realising of Field surveys  |y eng 
245 1 0 |a Príprava konzervácie zrúcanín :  |b komplexná monografia k realizácii stavebných obhliadok 
250 |a 1. vyd. 
260 |a Pezinok :  |b Renesans,  |c 2015 
300 |a 128 s. 
650 |a ruiny 
650 |a konzervácia ruiny 
650 |a ruiny pamiatkových objektov 
700 1 |a Hrčka, Michal  |r Z5  |4 aut  |9 1 
700 1 |a Kohút, Vladimír  |r Z5  |4 aut  |9 1 
700 1 |a Staník, Ivan  |r Z5  |4 aut  |9 1 
700 1 |a Závacký, Jozef  |r Z5  |4 aut  |9 1 
700 1 |a Gregorová, Jana  |r Z5  |4 rev 
700 1 |a Glos, Peter  |r Z5  |4 rev 
700 1 |a Šimkovic, Michal  |r Z5  |4 rev 
996 |b 284V037003  |c V* 52321/O-23478  |l VVT  |s A  |a 24  |w 0011530_0001 
996 |b 284V037004  |c V* 52322/O-23479  |l VVS  |s A  |a 24  |w 0011530_0002